| 000 | 00373 a2200169 4500 | ||
|---|---|---|---|
| 001 | 188124 | ||
| 020 | _a978-85-357-1455-5 | ||
| 040 | _cMagnum | ||
| 100 | _aBarros, Sônia | ||
| 240 | 1 | 0 |
_aO gato que comia couve-flor _lpor |
| 245 | 1 | 0 | _aO gato que comia couve-flor |
| 300 | _a16 | ||
| 362 | 0 | _a2011 | |
| 440 | 1 | _aAtual | |
| 697 | _aLITERATURA INFANTO | ||
| 942 | _cBK | ||
| 999 |
_c188124 _d188124 |
||